Essays, reviews, and reports : previously uncollected writings /

Сохранить в:
Библиографические подробности
Главный автор: Veblen, Thorstein, 1857-1929
Другие авторы: Dorfman, Joseph, 1905-
Формат:
Язык:English
Опубликовано: Clifton [N.J.] : A.M. Kelley , 1973.
Предметы:
LEADER 01077nam a2200253 i 4500
001 c000245316
003 CARM
005 00000000000000.0
008 840311s1973 nju 0 eng d
019 1 |a 579733  |5 LACONCORD2021 
035 |a (OCoLC)533586  |5 LACONCORD2021 
082 0 4 |a 330 
100 1 |a Veblen, Thorstein,  |d 1857-1929. 
245 1 0 |a Essays, reviews, and reports :  |b previously uncollected writings /  |c Edited and with an introd. ; New light on Veblen, by Joseph Dorfman. 
260 |a Clifton [N.J.] :  |b A.M. Kelley ,  |c 1973. 
300 |a 690 p. :  |b ill. 
500 |a Most of the writings originally published in the Journal of political economy. 
504 |a Includes bibliographical references. 
600 1 0 |a Veblen, Thorstein,  |d 1857-1929. 
650 0 |a Economics. 
700 1 |a Dorfman, Joseph,  |d 1905-  |t New light on Veblen. 
852 8 |b CARM  |h A2:AR37B0  |i B07641  |p 0336666  |f BK 
999 f f |i 64e20e4f-06dc-5916-bb44-0c675072e6b2  |s 22b83f9b-c112-5dad-b868-3d148f87829e 
952 f f |p Can circulate  |a CAVAL  |b CAVAL  |c CAVAL  |d CARM 1 Store  |e B07641  |f A2:AR37B0  |h Other scheme  |i book  |m 0336666